000 00435nam a2200181Ia 4500
001 485
005 20260306140521.0
008 260306t2012||||xx |||||||||||||| ||spa||
041 _aESP
082 _a121
_bN53
100 _aNicolás, Juan Antonio (ed.)
_eAUT
245 0 _aTeorías contemporáneas de la verdad
260 _c2012
300 _a719 páginas :
_c23 cm.
650 _aGEN
654 _aCHU
942 _cLIB
_dJUS
_fJUS
_2ddc
_n
999 _c485
_d485